00748nac a22002291u 4500010001300000020001500013082001900028090001500047100003400062245008400096250001400180260005000194300002900244500002000273650002000293650001300313650002100326740002900347942002100376999001500397952010600412 a77361340 a185573996800a677.022bG8778 c1018d1018 aGrosicki, Z. 10aWatson's Advanced textile design :bcompound woven structures.cZ. J. Grosicki. a4th ed. / aLondon :bWoodhead publishing limited,c1977. a435 p. :bill. ;c24 cm. aIncludes index. 0aTextile design. 0aWeaving. 0aTextile fabrics. aAdvanced textile design. cBBk677.022G8778 c1018d1018 00104070aMAINbMAINc1STd2016-08-06ePurchasel0o677.022 GROp000003486r2025-07-15 00:00:00yBB